000 01330cam a22003977a 4500
001 data
005 20260322212121.0
008 data
035 _a12236992
906 _a7
_bcbc
_ccopycat
_d2
_encip
_f20
_gy-gencatlg
925 0 _aacquire
_b2 shelf copies
_xpolicy default
010 _a 00456445
015 _aGB92-Z9208
020 _a1850293600
020 _a1850293600
_qhard
020 _a9781850293606
020 _a9781850293606
_q(hard)
035 _a(CStRLIN)HKCG94-B56291
040 _aUk/Whitaker
_cDLC
_dDLC
_dDLC
050 0 0 _aSB453
_b.S68397 2000
082 0 0 _a635
_221
100 1 _aStevens, David,
_d1943-
245 1 0 _aTown gardens :
_bsuccessful gardening in one hour a week /
_cDavid Stevens.
250 _aNew ed.
260 _bConran Octopus,
_bConran Octopus,
_c2000.
300 _a144 p. :
_bill. ;
_c28 cm.
336 _atext
_btxt
_2rdacontent
337 _aunmediated
_bn
_2rdamedia
338 _avolume
_bnc
_2rdacarrier
650 0 _aGardening.
650 0 _aContainer gardening.
653 0 _aGardening
856 4 2 _3Publisher description
_uhttp://www.loc.gov/catdir/description/ste022/00456445.html
999 _c1862
_d1862